000 00572nam a2200229Ia 4500
003 OSt
005 20220928102540.0
006 a|||||r|||| 00| 0
007 ta
008 220927b |||||||| |||| 00| 0 eng d
024 _a56755
037 _cTextual
040 _aSDCL
_cSDCL
_beng
041 _2eng
_aeng
082 _aO152,3N23x, K9
100 _aShivani
245 0 _aPushphaar.
260 _aDelhi
_bNational Publishing House
_c1969
300 _a165p.
_ccm.
942 _hO152,3N23x, K9
_cTEXL
_2CC
999 _c714751
_d714751